Générique Love Hina - Paroles - Statistiques

Statistiques générales
  • Ce quiz a été pris 2 fois
  • Le résultat moyen est 17 sur 36
Statistiques - réponses
Paroles % Correct
C'est un sentiment dans mon {coeur}
100%
Je regarde le {ciel}
100%
Pour trouver l'{amour}
100%
Se suivent tour à {tour}
100%
Si le soleil ne {brille} pas
100%
Agir et ne cesser de {courir}
50%
Car tout ressuscitera {toujours}
50%
C'est de tendre les {mains}
50%
C'est de tendre les {mains}
50%
C'est de tendre les {mains}
50%
C'est si {difficile} à faire
50%
C'est si {merveilleux}
50%
De colère existeront {toujours}
50%
Disparus dans l'{infini}
50%
Et je sens l'{énergie}
50%
Et même si les grands {jours}
50%
Jamais nos {journées}
50%
Je ne peux m'{arrêter}
50%
Je ne peux pas {abandonner}
50%
Laissons renaître les {fleurs}
50%
Laissons renaître les {fleurs}
50%
La seule façon d'atteindre le {bonheur}
50%
La seule façon d'atteindre le {bonheur}
50%
Les deux bras {levés}
50%
Même si l'enfer et le {paradis}
50%
Ne pourraient être si {belles}
50%
Que ca doit valoir le {coup}
50%
Qui ne me {quitte} pas
50%
Se sentir en {vie}
50%
Adieu à tous les {au} {revoir}
0%
Car tout ressuscitera {toujours}
0%
Couper les ponts pour s'{assurer}
0%
D'avoir de beaux {lendemains}
0%
Les souvenirs sont {toujours}
0%
Qui surgit toujours {ainsi}
0%
Un bel endroit pour se {cacher}
0%
Aucun quiz correspondant
Distribution des résultats
% des personnes avec chaque résultat
Percentile par nombre de réponses
Votre historique - résultats
Vous n’avez pas pris ce quiz